Religiosidad popular en la alta edad media / trad. por pilar garcía mouton, valentina garcía yebra

Guardado en:
Autor Principal: Giordano, Oronzo
Otros Autores: García Mouton, Pilar, trad., García Yebra, Valentina, trad.
Formato: Libro
Publicado: Madrid : Gredos, 1983
Materias:
Etiquetas: Agregar Etiqueta
Sin Etiquetas, Sea el primero en etiquetar este registro!
LEADER 00746nam a22002295a 4500
001 EHU.bham044513
003 AR-BHAM
005 20161227141538.0
008 130507s1983##################000#0#####d
020 |a 8424903404 
082 9 4 |a 940.1 
100 1 |a Giordano, Oronzo 
245 1 0 |a Religiosidad popular en la alta edad media /  |b trad. por pilar garcía mouton, valentina garcía yebra  |c  Oronzo Giordano : 
260 |a Madrid :  |b Gredos,  |c 1983 
300 |a 222 p. 
653 |a Alta edad media 
653 |a Edad media-religión y cultura 
653 |a Cristianismo 
653 |a Paganismo 
700 1 |a García Mouton, Pilar, trad. 
700 1 |a García Yebra, Valentina, trad. 
859 |a AR-BHAM  |b BIB. HUMANIDADES - General  |h 940.1  |i G437  |p 597.16  |t Ej.1